000 00742nam a22002297a 4500
003 UA-OsUOA
001 58356
007 ta
008 20090205b un ||||| |||| 00| 0 ukr d
100 _aКарлова І.О
700 _aЗелена А.А.
090 _a330(477)
_bК23
942 _cSA
040 _aUA-OsUOA
_bukr
_cUA-OsUOA
_dUA-OsUOA
245 _aМатеріальне стимулювання трудової діяльності працівників транспотної галузі України
300 _aС.9-11
955 _a0
041 _aukr
080 _a330(477)
773 0 _w58353
_tЕкономіка. Фінанси. Право.
_dК.
_d2008
_g12
650 7 _a330 Економіка взагалі
_2UDC
999 _c344438
_d344438